| 000 | 01062nam a22003377a 4500 | ||
|---|---|---|---|
| 001 | 005423 | ||
| 003 | DO-SdBPM | ||
| 005 | 20250410103713.0 | ||
| 007 | ta | ||
| 008 | 151029b1987 sp || 00| 0 spa d | ||
| 020 | _a8434821508 | ||
| 040 |
_aDO-SdBPM _bspa _cBPMSU _erda |
||
| 082 | 4 |
_a863.6 _bM425i 1987 _222 |
|
| 100 |
_aMateos, Pilar _d1942- _eautora |
||
| 245 |
_aLa isla menguante / _cPilar Mateos; ilustraciones Ángel Esteban |
||
| 250 | _a2a. ed. | ||
| 264 |
_aMadrid : _bEdiciones SM, _c1987 |
||
| 300 |
_a145 páginas : _bilustraciones ; _g20 cm |
||
| 336 |
_ardacontent _btexto _2txt |
||
| 337 |
_ardamedia _bsin mediación _2n |
||
| 338 |
_ardacarrier _bvolumen _0nc |
||
| 490 | 0 |
_aEl barco de vapor, _v120 |
|
| 500 | _aA partir de 9 años | ||
| 585 |
_aPremio Lazarillo 1982, El barco de vapor 1981 _3 |
||
| 590 | _aInventariado, 2025/VM | ||
| 650 | 7 | _aCuentos infantiles españoles | |
| 650 | 7 | _aLiteratura infantil española | |
| 700 | 1 |
_aEsteban, Ángel _eilustrador |
|
| 910 | _aVMateo V. Control de calidad. BPMSU | ||
| 942 |
_2ddc _cBK |
||
| 999 |
_c8496 _d8496 |
||